000 00308nab a22001097u 4500
008 130520b1984 xxu||||| |||| 00| 0 spa d
041 _aspa
100 1 _aMutiso Mbinda, J.
_967337
245 0 0 _aEl presbítero
_cJ. Mutiso Mbinda
773 0 _tConcilium
_gV.2,1984,págs.387-394
_x0210-1041
_wRev134
942 _cAR
999 _c355119
_d355119